ひらがな・カタカナが入る市町村 - Statistics

General Stats
  • This quiz has been taken 42 times
  • The average score is 42 of 73
Answer Stats
Hint Answer % Correct
茨城県 つくばみらい市
91%
茨城県 つくば市
88%
青森県 むつ市
84%
茨城県 ひたちなか市
84%
茨城県 かすみがうら市
81%
山梨県 南アルプス市
81%
北海道 ニセコ町
78%
埼玉県 さいたま市
78%
東京都 あきる野市
78%
栃木県 さくら市
75%
群馬県 みどり市
75%
福井県 あわら市
75%
愛知県 あま市
75%
香川県 まんのう町
75%
千葉県 いすみ市
72%
三重県 いなべ市
72%
青森県 つがる市
69%
沖縄県 うるま市
69%
青森県 おいらせ町
66%
福島県 いわき市
66%
埼玉県 ときがわ町
66%
東京都 日の出町
66%
石川県 かほく市
66%
静岡県 伊豆の国市
66%
島根県 隠岐の島町
66%
香川県 東かがわ市
66%
北海道 せたな町
63%
青森県 六ヶ所村
63%
秋田県 にかほ市
63%
群馬県 みなかみ町
63%
愛知県 みよし市
63%
兵庫県 南あわじ市
63%
香川県 さぬき市
63%
福岡県 うきは市
63%
鹿児島県 南さつま市
63%
北海道 新ひだか町
59%
東京都 青ヶ島村
59%
神奈川県 茅ヶ崎市
59%
和歌山県 紀の川市
59%
熊本県 あさぎり町
56%
鹿児島県 いちき串木野市
56%
埼玉県 ふじみ野市
53%
千葉県 鎌ケ谷市
53%
兵庫県 たつの市
53%
高知県 いの町
53%
北海道 えりも町
50%
福井県 おおい町
50%
宮崎県 えびの市
50%
鹿児島県 さつま町
50%
青森県 鰺ヶ沢町
47%
和歌山県 かつらぎ町
47%
和歌山県 すさみ町
47%
北海道 むかわ町
44%
宮城県 七ヶ浜町
44%
茨城県 龍ケ崎市
44%
埼玉県 鶴ヶ島市
44%
千葉県 袖ケ浦市
44%
徳島県 東みよし町
44%
福岡県 みやま市
44%
佐賀県 吉野ヶ里町
44%
宮城県 七ヶ宿町
41%
福岡県 みやこ町
41%
北海道 上ノ国町
38%
長野県 駒ヶ根市
38%
和歌山県 みなべ町
38%
島根県 西ノ島町
38%
佐賀県 みやき町
38%
青森県 外ヶ浜町
34%
岩手県 金ケ崎町
34%
岐阜県 関ケ原町
31%
徳島県 つるぎ町
31%
宮崎県 五ヶ瀬町
22%
長野県 山ノ内町
16%
No matching quizzes found
Score Distribution
Percent of People with Each Score
Percentile by Number Answered
Your Score History
You have not taken this quiz